Văn hóa dân gian Cù Lao Tân Quy

Trình bày những vấn đề chung về địa lí tự nhiên, địa lí nhân văn và địa lí kinh tế của cù lao Tân Quy (miền Tây Nam Bộ). Các làng nghề truyền thống ở cù lao Tân Quy. Hệ thống địa danh. Lễ hội dân gian. Văn học dân gian. Tục lệ dân gian và...

Descrición completa

Gardado en:
Detalles Bibliográficos
Autor Principal: Trần, Dũng
Formato: Libro
Idioma:Undetermined
Publicado: Hà Nội Khoa học - Xã hội 2015
Những chủ đề:
Các nhãn: Engadir etiqueta
Sen Etiquetas, Sexa o primeiro en etiquetar este rexistro!
Thư viện lưu trữ: Trung tâm Học liệu Trường Đại học Cần Thơ
LEADER 00997nam a2200205Ia 4500
001 CTU_209702
008 210402s9999 xx 000 0 und d
082 |a 398.09597 
082 |b D513 
100 |a Trần, Dũng 
245 0 |a Văn hóa dân gian Cù Lao Tân Quy 
245 0 |c Trần Dũng 
260 |a Hà Nội 
260 |b Khoa học - Xã hội 
260 |c 2015 
520 |a Trình bày những vấn đề chung về địa lí tự nhiên, địa lí nhân văn và địa lí kinh tế của cù lao Tân Quy (miền Tây Nam Bộ). Các làng nghề truyền thống ở cù lao Tân Quy. Hệ thống địa danh. Lễ hội dân gian. Văn học dân gian. Tục lệ dân gian và đặc sản ở cù lao Tân Quy. 
650 |a Văn hóa dân gian,Folklore 
650 |z Vietnam,Vietnam 
904 |i Huỳnh Nhựt Tân,Hải 
980 |a Trung tâm Học liệu Trường Đại học Cần Thơ